01380nam a22003017a 4500003000900000005001700009008002700026020001800053040003000071082002700101100003400128245009800162260005100260300002600311490006600337590002600403650003800429650003900467650003500506650002100541700005600562910004000618942001200658952012700670952013200797952013200929999001701061DO-SdBPM20250305135708.0161027b2010 p 00| 0 spa d a9786124026713 aDO-SdBPMbspacBPMSUerda 4a808.83bC298g 20102221 aSoria Carpio, Flor d1962-c 10aMis rimacuentos : bEl gato con botas /cCharles Perrault ; adaptación Flor Soria Carpio  aLima, Perú : bEditorial Didáctica, c2010 a6 p. : bil. ;c21 cm0 aMis rimacuentos ;aCuentos clásicos en divertidas rimas v  aInventariado, 2025/VM 4aCuentos infantiles vColecciones  4aCuentos infantiles vAdaptaciones  4aLibros ilustrados para niños 4aRimas vCuentos 1 aPerrault, Charles, d1628-1703 tEl gato con botas  aVMateo V. Control de calidad. BPMSU 2ddccBK 00102ddc40708CI-GaBPMETbBPMETd2025-03-05l0oBPMSU CGI 808.83 C298g 2010pBPMSU25030035r2025-03-05w2025-03-05yBK 00102ddc40708CI-GaBPMETbBPMETd2025-03-05l0oBPMSU CGI 808.83 C298g 2010pBPMSU25030036r2025-03-05te.2w2025-03-05yBK 00102ddc40708CI-GaBPMETbBPMETd2025-03-05l0oBPMSU CGI 808.83 C298g 2010pBPMSU25030037r2025-03-05te.3w2025-03-05yBK c14980d14980